00523nam a22001697a 4500020001800000082002000018100002000038245004200058260003600100300001000136650003100146650002500177650001500202942000700217999001900224952011000243 a9788119443574 aM080 007bDIV/K aDivakaran R V M aKathayum kalavum/cby Divakaran R V M aKozhikkode:bAtma books,c2024. a196p. aLiterature Malayalam Study aLiterature Malayalam aLiterature cBK c181762d181762 00104070aSSUSbSSUScSTACKSd2026-05-22g390.00l0oM080 007 DIV/Kp108890r2026-05-22w2026-05-22yBK